Comparison of add-a-word and compu spell programs with low-achieving students (Record no. 64457)

MARC details
000 -CABECERA
campo de control de longitud fija 00741nam a2200241 a 4500
005 - FECHA Y HORA DE LA ÚLTIMA TRANSACCIÓN
campo de control 20210219152939.0
008 - ELEMENTOS DE LONGITUD FIJA--INFORMACIÓN GENERAL
campo de control de longitud fija 991125n 000 0 eng u
035 ## - NÚMERO DE CONTROL DEL SISTEMA
Número de control de sistema UPN01000068262
100 ## - ASIENTO PRINCIPAL--NOMBRE PERSONAL
Nombre de persona McAuley, S. M.
222 #0 - TÍTULO CLAVE
Título clave JOURNAL OF EDUCATIONAL RESEARCH
245 #0 - MENCIÓN DE TÍTULO
Título Comparison of add-a-word and compu spell programs with low-achieving students
300 ## - DESCRIPCIÓN FÍSICA
Extensión 362-369
362 ## - FECHAS DE PUBLICACIÓN Y/O DESIGNACIÓN SECUENCIAL
Fecha de publicación y/o designación secuencial 1992 85, no. 6
653 0# - TERMINO DE INDIZACION - NO CONTROLADO
Término no controlado COURSEWARE
653 0# - TERMINO DE INDIZACION - NO CONTROLADO
Término no controlado DISEÑO ASISTIDO POR ORDENADOR
653 0# - TERMINO DE INDIZACION - NO CONTROLADO
Término no controlado ENSEÑANZA DE LA ORTOGRAFIA
653 0# - TERMINO DE INDIZACION - NO CONTROLADO
Término no controlado ESTUDIANTES CON NECESIDADES ESPECIALES
653 0# - TERMINO DE INDIZACION - NO CONTROLADO
Término no controlado EXITO REDUCIDO
653 0# - TERMINO DE INDIZACION - NO CONTROLADO
Término no controlado PERSONA QUE NO DESARROLLA SU POTENCIAL
700 ## - ASIENTO SECUNDARIO--NOMBRE DE PERSONAL
Nombre de persona McLaughlin, T. F.
904 ## - ELEMENTOS DE DATOS D LOCAL, LDD (RLIN)
a AC
b 006073
905 ## - TIPO DE MATERIAL
Tipo de material Articulo

No items available.